| 000 | 00398nam a2200157Ia 4500 | ||
|---|---|---|---|
| 008 | 220803s9999 xx 000 0 und d | ||
| 020 | _a9781401897499 | ||
| 041 | _aeng | ||
| 082 | _a631.4'5 FAN | ||
| 100 |
_aFangmeier D D _927412 |
||
| 245 | _aSoil And Water Conservation Engineering | ||
| 250 | _a5th | ||
| 260 |
_aNew York _bThomson Delmar Learning _c2006 |
||
| 300 | _a502p | ||
| 500 | _aLANDS | ||
| 999 |
_c17470 _d17470 |
||